Estudio y evaluación sobre el estándar de radio digital a implementar en Costa Rica
Na minha lista:
| Autor principal: | |
|---|---|
| Outros Autores: | |
| Formato: | Livro |
| Idioma: | Spanish |
| Publicado em: |
[San José], Costa Rica
2014
|
| Assuntos: | |
| Tags: |
Adicionar Tag
Sem tags, seja o primeiro a adicionar uma tag!
|
MARC
| LEADER | 00000nam a22000007a 4500 | ||
|---|---|---|---|
| 003 | 012443 | ||
| 005 | 20230907151828.0 | ||
| 008 | 160810b2014 cr a|||| |||| 00| ||spa d | ||
| 040 | |c cru CEDI | ||
| 090 | |a TFG 7601 | ||
| 100 | |9 1438 |a Badilla Castillo, Diego Armando , 1990- | ||
| 245 | |a Estudio y evaluación sobre el estándar de radio digital a implementar en Costa Rica | ||
| 260 | |a [San José], Costa Rica |c 2014 | ||
| 300 | |a xii, 59 hojas; ilustraciones a color | ||
| 500 | |a ,Proyecto de graduación (bachillerato en ingeniería eléctrica)--Universidad de Costa Rica. Facultad de Ingeniería. Escuela de Ingeniería Eléctrica | ||
| 501 | |a Profesora Guía de IE-0499 Proyecto Eléctrico: Ing. Adolfo Santana Rey | ||
| 650 | |x RADIO DIGITAL |x TRANSMISION DE AUDIO DIGITAL |x COMUNICACIONES DIGITALES |x SISTEMAS DE TELECOMUNICACION |x RADIOFRECUENCIA |x RADIODIFUSION |9 5278 | ||
| 700 | |9 1129 |a Santana Rey, Adolfo, 1969- |d Director de Proyecto Eléctrico | ||
| 942 | |c CEDI | ||
| 999 | |c 17024 |d 17024 | ||
